| 000 | 00476nam a22001697a 4500 | ||
|---|---|---|---|
| 005 | 20240220061749.0 | ||
| 008 | 240220b |||||||| |||| 00| 0 eng d | ||
| 020 | _a8170366283 | ||
| 082 |
_222 _a320.9. _bCOM. |
||
| 100 | _aVanaik, Achin. | ||
| 245 |
_aCommunalism Contested : _bReligion, Modernity and Secularization , _cAchin, Vanaik. |
||
| 260 |
_aNew Delhi : _bVistaar Publications , _c1997. |
||
| 300 | _ax, 374, | ||
| 650 | _aReligion. | ||
| 650 | _aModernity. | ||
| 942 | _cL | ||
| 999 |
_c440 _d440 |
||